000
00321nam a2200121 a 4500
005
20140414131903.0
008
100922s19uu xx 00 eng d
050
_a
FIC
_b
R61 2004
100
_a
Rodda, Emily
245
_a
The sorcerer's apprentice.
260
_a
Australia :
_b
Scholastic Australia,
_c
2004.
999
_c
110794
_d
110794